<Les> intermédiaires des politiques publiques de l'emploi / (Record no. 6535)

MARC details
000 -LEADER
campo de control de longitud fija 01018nam a2200337Ia 4500
001 - NÚMERO DE CONTROL
campo de control 012021
008 - DATOS DE LONGITUD FIJA--INFORMACIÓN GENERAL
campo de control de longitud fija 221003s2000 xx 000 0 fre d
020 ## - NÚMERO INTERNACIONAL ESTÁNDAR DEL LIBRO
Número Internacional Estándar del Libro 2-11-004475-6
035 ## - NÚMERO DE CONTROL DEL SISTEMA
Número de control de sistema CENDO_6536
041 ## - CÓDIGO DE IDIOMA
Código de lengua del texto/banda sonora o título independiente fre
084 ## - OTRO NÚMERO DE CLASIFICACIÓN
Número de clasificación CD-02661
245 #0 - MENCIÓN DEL TÍTULO
Título <Les> intermédiaires des politiques publiques de l'emploi /
Mención de responsabilidad, etc. sous la direction de Didier Gélot et Patrick Nivolle
260 ## - PUBLICACIÓN, DISTRIBUCIÓN, ETC.
Lugar de publicación, distribución, etc. París :
Nombre del editor, distribuidor, etc. La Documentation française,
Fecha de publicación, distribución, etc. 2000
300 ## - DESCRIPCIÓN FÍSICA
Extensión 201 p. ;
Dimensiones 24 cm
490 ## - MENCIÓN DE SERIE
Mención de serie Cahier travail et emploi
500 ## - NOTA GENERAL
Nota general Bibliogr. 198-201
650 ## - PUNTO DE ACCESO ADICIONAL DE MATERIA--TÉRMINO DE MATERIA
Término de materia o nombre geográfico como elemento de entrada SERVICIO DE EMPLEO
9 (RLIN) 122
650 ## - PUNTO DE ACCESO ADICIONAL DE MATERIA--TÉRMINO DE MATERIA
Término de materia o nombre geográfico como elemento de entrada FRANCIA
9 (RLIN) 196
650 ## - PUNTO DE ACCESO ADICIONAL DE MATERIA--TÉRMINO DE MATERIA
Término de materia o nombre geográfico como elemento de entrada POLITICA DE EMPLEO
9 (RLIN) 112
650 ## - PUNTO DE ACCESO ADICIONAL DE MATERIA--TÉRMINO DE MATERIA
Término de materia o nombre geográfico como elemento de entrada INSERCION PROFESIONAL
9 (RLIN) 721
700 ## - ENTRADA AGREGADA--NOMBRE PERSONAL
Nombre de persona GELOT, Didier,
Término indicativo de función/relación dir.
9 (RLIN) 6649
700 ## - ENTRADA AGREGADA--NOMBRE PERSONAL
Nombre de persona NIVOLLE, Patrick,
Término indicativo de función/relación dir.
9 (RLIN) 6650
710 ## - ENTRADA AGREGADA--NOMBRE DE ENTIDAD CORPORATIVA
Nombre de entidad corporativa o nombre de jurisdicción como elemento de entrada FRANCIA
Unidad subordinada Ministère de l'emploi et de la solidarité
9 (RLIN) 4861
901 ## - ELEMENTOS DE DATOS A LOCAL LDA (RLIN)
a 0
903 ## - ELEMENTOS DE DATOS C LOCAL, LDC (RLIN)
a NO
904 ## - ELEMENTOS DE DATOS D LOCAL, LDD (RLIN)
a 000
953 ## -
-- 2000-09-21
-- MONOGRAFIA
-- CD-02661
910 ## - DATOS DE OPCIÓN DEL USUARIO (OCLC)
Datos de opción del usuario 2000
942 ## - ELEMENTOS DE ENTRADA SECUNDARIOS (KOHA)
Tipo de ítem Koha Monografía
Holdings
Estatus retirado Estado de pérdida Estado de daño No para préstamo Biblioteca de origen Biblioteca actual Fecha de adquisición Total de préstamos Signatura topográfica completa Código de barras Visto por última vez Precio de reemplazo Tipo de ítem Koha
        CENDO CENDO 21/09/2000   CD-02661 CENDO_6536 05/10/2022 05/10/2022 Monografía